Statistiques concernant Musique de Youtubeurs : les plus écoutées

Cliquez ici pour prendre le quiz!

Statistiques générales

  • Ce quiz a été pris 132 fois
    (131 depuis la dernière actualisation)
  • Le résultat moyen est 4 sur 15

Statistiques - réponses

HintRéponse% Correct
62 MTime Time
46%
75 MMILI MILI
41%
47 MTOP 1
40%
38 MBye Bye
39%
84 MAssassin des templiers
37%
53 MMirador
36%
94 MLuigi clash Mario
32%
47 MJe sais pas danser
30%
67 MOverwatch Rap Battle
23%
46 MFreestyle du Dico
18%
45 MM2LT
18%
35 MRap Battle Division
13%
50 MClash Cortex
11%
39 MPlacements de produits
11%
35 MLe son des enfers
4%

Distribution des résultats

Percentile par nombre de réponses

% des personnes avec chaque résultat

Votre développement - résultats

Vous n’avez pas pris ce quiz depuis la dernière actualisation